All 1K+ Towns in Scotland - Statistics

General Stats
  • This quiz has been taken 328 times
  • The average score is 146 of 500
Answer Stats
Clue Town County Population % Correct
D Dundee Angus 147,345
98%
P Port Glasgow Inverclyde 14,288
98%
G Glasgow Lanarkshire 617,794
96%
A Aberdeen Aberdeenshire 192,956
95%
E Edinburgh Midlothian 493,736
95%
I Inverness Highland 48,248
93%
P Perth Perth and Kinross 47,893
93%
A Ayr South Ayrshire 46,182
89%
P Paisley Renfrewshire 79,369
88%
S Stirling Stirling 38,587
88%
D Dunfermline Fife 56,027
86%
D Dumfries Dumfries and Galloway 33,676
84%
F Falkirk Falkirk 34,627
84%
L Livingston West Lothian 55,836
84%
E Elgin Moray 24,640
82%
H Hallglen Falkirk 3,159
81%
H Hamilton South Lanarkshire 55,157
81%
K Kirkcaldy Fife 51,117
81%
M Milton of Campsie East Dunbartonshire 3,829
81%
M Milton of Leys Highland 3,179
81%
R Renfrew Renfrewshire 23,809
80%
W West Kilbride North Ayrshire 4,862
80%
K Kilmarnock East Ayrshire 47,064
79%
E East Kilbride South Lanarkshire 76,607
78%
S St Andrews Fife 16,460
78%
C Cumbernauld North Lanarkshire 50,498
76%
P Port Bannatyne Argyll and Bute 1,183
76%
B Bridge of Allan Stirling 4,744
75%
M Motherwell North Lanarkshire 33,031
75%
B Bridge of Weir Renfrewshire 4,924
74%
D Dumbarton West Dunbartonshire 21,036
73%
M Montrose Angus 11,251
73%
P Peterhead Aberdeenshire 19,791
72%
A Arbroath Angus 23,481
71%
G Greenock Inverclyde 42,866
71%
A Airdrie North Lanarkshire 35,846
69%
F Fort William Highland 5,757
68%
G Glenrothes Fife 37,468
68%
I Irvine North Ayrshire 33,998
68%
S Stranraer Dumfries and Galloway 9,751
67%
L Linlithgow West Lothian 12,517
66%
T Troon South Ayrshire 15,261
66%
C Coatbridge North Lanarkshire 42,264
65%
N North Berwick East Lothian 8,310
65%
O Oban Argyll and Bute 8,000
65%
A Alloa Clackmannanshire 14,705
64%
K Kinross Perth and Kinross 5,609
64%
M Muir of Ord Highland 2,838
64%
N Newtonhill Aberdeenshire 3,178
64%
N Newton Mearns East Renfrewshire 28,456
64%
N Newtonmore Highland 1,115
64%
N Newton St Boswells Scottish Borders 1,662
64%
N Newton Stewart Dumfries and Galloway 3,954
64%
T Thurso Highland 7,426
64%
C Clydebank West Dunbartonshire 26,221
62%
D Dunbar East Lothian 10,777
62%
M Musselburgh East Lothian 21,479
62%
R Rhu Argyll and Bute 1,906
62%
W Wick Highland 6,913
62%
F Forfar Angus 13,801
61%
L Lanark South Lanarkshire 8,943
61%
N Nairn Highland 9,582
61%
F Fraserburgh Aberdeenshire 12,921
60%
G Grangemouth Falkirk 16,016
60%
J Johnstone Renfrewshire 16,491
60%
C Cowdenbeath Fife 11,969
59%
G Galashiels Scottish Borders 10,075
59%
H Hawick Scottish Borders 10,728
59%
K Kirkwall Orkney Islands 7,390
59%
P Prestwick South Ayrshire 14,570
59%
A Aviemore Highland 2,832
58%
L Lerwick Shetland Islands 6,709
58%
W Wishaw North Lanarkshire 30,211
58%
H Helensburgh Argyll and Bute 14,127
56%
L Largs North Ayrshire 10,917
56%
P Penicuik Midlothian 16,409
56%
R Rutherglen South Lanarkshire 31,195
56%
S Stonehaven Aberdeenshire 11,177
56%
B Bathgate West Lothian 22,222
55%
L Leven Fife 10,087
55%
P Pitlochry Perth and Kinross 2,694
55%
S Steornabhagh Na h-Eileanan Siar 4,578
55%
B Bearsden East Dunbartonshire 28,486
54%
B Bishopbriggs East Dunbartonshire 23,753
54%
C Cambuslang South Lanarkshire 33,252
54%
C Cupar Fife 8,817
54%
D Dunblane Stirling 8,798
54%
L Lossiemouth Moray 6,654
54%
G Girvan South Ayrshire 6,309
53%
H Haddington East Lothian 11,354
53%
I Inverurie Aberdeenshire 15,106
53%
P Peebles Scottish Borders 9,108
53%
S South Queensferry Midlothian 10,216
53%
A Ardrossan North Ayrshire 10,332
52%
B Birkhill Angus 1,950
52%
G Gourock Inverclyde 10,077
52%
G Gretna Dumfries and Galloway 3,437
52%
H Head of Muir Falkirk 1,539
52%
K Kilwinning North Ayrshire 16,211
52%
K Kirkintilloch East Dunbartonshire 22,037
52%
M Milngavie East Dunbartonshire 12,765
52%
P Portree Highland 2,281
52%
C Carnoustie Angus 11,359
51%
K Kelso Scottish Borders 7,023
51%
L Lockerbie Dumfries and Galloway 4,412
51%
R Rosyth Fife 13,303
49%
B Bonnyrigg Midlothian 18,094
48%
B Broxburn West Lothian 15,418
48%
C Castle Douglas Dumfries and Galloway 4,056
48%
A Annan Dumfries and Galloway 8,695
47%
B Bellshill North Lanarkshire 19,500
47%
D Dingwall Highland 5,265
47%
E Erskine Renfrewshire 14,880
47%
J Jedburgh Scottish Borders 4,129
47%
M Methil Fife 10,703
47%
B Banff Aberdeenshire 3,968
46%
C Carluke South Lanarkshire 14,105
46%
C Crieff Perth and Kinross 7,142
46%
U Ullapool Highland 1,469
46%
B Barrhead East Renfrewshire 17,586
45%
D Dalkeith Midlothian 15,146
45%
A Anstruther Fife 3,928
44%
B Blairgowrie Perth and Kinross 9,433
44%
B Bo'ness Falkirk 14,885
44%
S Saltcoats North Ayrshire 12,165
44%
B Blantyre South Lanarkshire 16,538
42%
C Cumnock East Ayrshire 8,825
42%
E Ellon Aberdeenshire 10,126
42%
F Forres Moray 9,296
42%
N New Cumnock East Ayrshire 2,641
42%
A Alexandria West Dunbartonshire 6,264
41%
A Armadale West Lothian 12,568
41%
D Dollar Clackmannanshire 2,844
41%
E Eyemouth Scottish Borders 3,701
41%
L Leuchars Fife 2,482
41%
M Melrose Scottish Borders 2,473
41%
P Prestonpans East Lothian 10,620
41%
C Crail Fife 1,549
40%
D Dunkeld Perth and Kinross 1,194
40%
D Dunoon Argyll and Bute 7,994
40%
E East Calder West Lothian 7,252
40%
G Giffnock East Renfrewshire 11,964
40%
K Keith Moray 4,572
40%
K Kingussie Highland 1,360
40%
M Mid Calder West Lothian 3,212
40%
T Tranent East Lothian 12,237
40%
W West Calder West Lothian 3,407
40%
B Balloch West Dunbartonshire 5,997
39%
B Balloch Highland 1,346
39%
K Kelty Fife 6,901
39%
L Larkhall South Lanarkshire 15,308
39%
W Wemyss Bay Inverclyde 2,365
39%
B Ballater Aberdeenshire 1,381
38%
B Brechin Angus 7,186
38%
K Kirkcudbright Dumfries and Galloway 3,233
38%
N New Stevenston North Lanarkshire 6,305
38%
S Stevenston North Ayrshire 8,646
38%
A Aberfeldy Perth and Kinross 1,886
36%
B Banchory Aberdeenshire 7,581
36%
B Burntisland Fife 6,254
36%
C Callander Stirling 3,156
36%
C Campbeltown Argyll and Bute 4,425
36%
C Clackmannan Clackmannanshire 3,276
36%
H Huntly Aberdeenshire 4,632
36%
I Inverkeithing Fife 5,260
36%
K Kilsyth North Lanarkshire 10,952
36%
P Polmont Falkirk 5,046
36%
R Rothes Moray 1,061
36%
S Shotts North Lanarkshire 8,795
36%
S Stenhousemuir Falkirk 9,585
36%
T Tayport Fife 3,958
36%
A Aberdour Fife 1,636
35%
D Dalgety Bay Fife 9,461
35%
M Moffat Dumfries and Galloway 2,497
35%
S Selkirk Scottish Borders 4,663
35%
T Tain Highland 3,548
35%
T Tobermory Argyll and Bute 1,045
35%
D Duns Scottish Borders 3,127
34%
K Kincardine Fife 2,882
34%
L Larbert Falkirk 12,682
34%
W Westhill Aberdeenshire 11,750
34%
W Westhill Highland 5,682
34%
B Biggar South Lanarkshire 2,742
33%
G Grantown-on-Spey Highland 2,328
33%
K Kirriemuir Angus 6,012
33%
W West Linton Scottish Borders 1,755
33%
B Buckie Moray 9,061
32%
D Denny Falkirk 9,384
32%
E East Whitburn West Lothian 1,172
32%
I Insch Aberdeenshire 2,685
32%
S Strathaven South Lanarkshire 8,339
32%
W Whitburn West Lothian 11,775
32%
A Aberlady East Lothian 1,365
31%
A Alva Clackmannanshire 4,815
31%
B Blackburn West Lothian 5,273
31%
B Blackburn Aberdeenshire 2,992
31%
C Clarkston East Renfrewshire 9,497
31%
G Golspie Highland 1,337
31%
I Invergordon Highland 3,799
31%
R Rothesay Argyll and Bute 4,207
31%
T Tarbert Argyll and Bute 1,129
31%
U Uddingston South Lanarkshire 6,180
31%
B Brora Highland 1,184
29%
E East Linton East Lothian 1,881
29%
G Gullane East Lothian 2,910
29%
L Lenzie East Dunbartonshire 8,291
29%
L Lochgilphead Argyll and Bute 2,488
29%
N Newport-on-Tay Fife 4,118
29%
V Viewpark North Lanarkshire 15,831
29%
A Aboyne Aberdeenshire 2,937
28%
A Auchterarder Perth and Kinross 6,061
28%
B Bannockburn Stirling 6,597
28%
B Beith North Ayrshire 5,761
28%
C Coldstream Scottish Borders 2,080
28%
D Dalry North Ayrshire 5,273
28%
T Tillicoultry Clackmannanshire 4,487
28%
B Bishopton Renfrewshire 10,043
27%
C Culloden Highland 3,698
27%
D Dalbeattie Dumfries and Galloway 4,137
27%
D Dornoch Highland 1,415
27%
G Gorebridge Midlothian 8,905
27%
L Lauder Scottish Borders 1,878
27%
M Monifieth Angus 9,367
27%
S Scone Perth and Kinross 5,232
27%
A Aberlour Moray 1,014
26%
A Alness Highland 5,943
26%
L Ladybank Fife 1,432
26%
M Maybole South Ayrshire 4,333
26%
S Sanquhar Dumfries and Galloway 1,913
26%
B Beauly Highland 1,414
25%
C Coupar Angus Perth and Kinross 2,132
25%
F Falkland Fife 1,041
25%
F Fortrose Highland 1,688
25%
I Innerleithen Scottish Borders 3,152
25%
K Kinghorn Fife 2,947
25%
L Loanhead Midlothian 6,995
25%
S Stromness Orkney Islands 1,700
25%
T Turriff Aberdeenshire 4,602
25%
A Auchtermuchty Fife 2,042
24%
B Buckhaven Fife 4,407
24%
D Doune Stirling 2,184
24%
H Houston Renfrewshire 6,221
24%
L Laurencekirk Aberdeenshire 3,280
24%
L Lochgelly Fife 7,146
24%
M Macduff Aberdeenshire 3,791
24%
M Mayfield Midlothian 14,276
24%
P Portlethen Aberdeenshire 8,969
24%
T Tullibody Clackmannanshire 8,517
24%
C Cove Bay Aberdeenshire 7,927
22%
C Croy North Lanarkshire 2,117
22%
D Dyce Aberdeenshire 7,001
22%
E Eaglesham East Renfrewshire 3,479
22%
I Inverkip Inverclyde 3,548
22%
K Kilmacolm Inverclyde 3,878
22%
L Lesmahagow South Lanarkshire 4,254
22%
A Alford Aberdeenshire 2,792
21%
B Bonnybridge Falkirk 5,069
21%
C Comrie Perth and Kinross 1,847
21%
F Fochabers Moray 1,772
21%
L Longniddry East Lothian 2,599
21%
M Menstrie Clackmannanshire 2,831
21%
M Millport North Ayrshire 1,173
21%
O Oldmeldrum Aberdeenshire 3,174
21%
W Winchburgh West Lothian 4,283
21%
C Cardenden Fife 5,264
20%
C Cockenzie East Lothian 5,234
20%
D Darvel East Ayrshire 3,697
20%
K Kilbirnie North Ayrshire 7,098
20%
M Mauchline East Ayrshire 3,807
20%
P Peterculter Aberdeenshire 4,359
20%
R Ratho Midlothian 2,278
20%
R Roslin Midlothian 2,016
20%
S St Cyrus Aberdeenshire 1,175
20%
A Alyth Perth and Kinross 2,345
19%
B Bothwell South Lanarkshire 7,005
19%
C Cardross Argyll and Bute 2,032
19%
C Cullen Moray 1,239
19%
F Freuchie Fife 1,188
19%
G Galston East Ayrshire 4,526
19%
K Kirkliston Midlothian 5.604
19%
L Langholm Dumfries and Galloway 2,040
19%
L Linwood Renfrewshire 8,400
19%
L Lower Largo Fife 2,397
19%
N Newbridge Midlothian 1,042
19%
S Stepps North Lanarkshire 7,639
19%
S Stewarton East Ayrshire 7,869
19%
W Wallyford East Lothian 4,475
19%
B Ballingry Fife 5,818
18%
D Drumnadrochit Highland 1,180
18%
D Dufftown Moray 1,515
18%
E Earlston Scottish Borders 1,765
18%
K Kirknewton West Lothian 1,765
18%
L Lennoxtown East Dunbartonshire 4,148
18%
L Lochwinnoch Renfrewshire 2,769
18%
M Markinch Fife 2,263
18%
N Neilston East Renfrewshire 5,449
18%
N Newburgh Aberdeenshire 1,652
18%
S Strathpeffer Highland 1,108
18%
T Thornhill Dumfries and Galloway 1,673
18%
T Tweedbank Scottish Borders 2,045
18%
B Burghead Moray 1,911
16%
D Dalmellington East Ayrshire 1,284
16%
D Douglas South Lanarkshire 1,514
16%
D Dundonald South Ayrshire 2,566
16%
F Fauldhouse West Lothian 4,584
16%
G Gatehouse of Fleet Dumfries and Galloway 1,016
16%
I Inverbervie Aberdeenshire 2,279
16%
L Lochmaben Dumfries and Galloway 2,092
16%
R Renton West Dunbartonshire 2,415
16%
S Skelmorlie North Ayrshire 2,070
16%
A Auchinleck East Ayrshire 3,683
15%
K Kemnay Aberdeenshire 3,873
15%
K Kintore Aberdeenshire 4,555
15%
M Milltimber Aberdeenshire 3,053
15%
P Portsoy Aberdeenshire 1,727
15%
B Bridge of Earn Perth and Kinross 2,918
14%
B Broadford Highland 1,127
14%
C Caldercruix North Lanarkshire 2,485
14%
C Coaltown of Balgoine Fife 1,026
14%
E Elderslie Renfrewshire 5,640
14%
H Harthill North Lanarkshire 2,613
14%
H High Valleyfield Fife 2,272
14%
H Holytown North Lanarkshire 5,128
14%
L Leslie Fife 2,893
14%
M Milnathort Perth and Kinross 1,997
14%
N Newmilns East Ayrshire 2,562
14%
O Ormiston East Lothian 2,586
14%
S St Boswells Scottish Borders 1,360
14%
S Stonehouse South Lanarkshire 5,600
14%
A Abernethy Perth and Kinross 1,425
13%
A Airth Falkirk 1,696
13%
B Balfron Stirling 1,981
13%
B Balmedie Aberdeenshire 2,396
13%
C Carfin North Lanarkshire 4,426
13%
C Cleland North Lanarkshire 3,041
13%
C Cruden Bay Aberdeenshire 1,585
13%
D Dunlop East Ayrshire 1,113
13%
G Garelochhead Argyll and Bute 1,707
13%
G Guardbridge Fife 1,257
13%
I Invergowrie Perth and Kinross 1,744
13%
K Kinloss Moray 1,460
13%
M Mintlaw Aberdeenshire 2,837
13%
M Muirkirk East Ayrshire 1,324
13%
P Pencaitland East Lothian 1,675
13%
S Sauchie Clackmannanshire 6,369
13%
A Addiewell West Lothian 1,387
12%
A Avoch Highland 1,073
12%
C Carronshore Falkirk 2,882
12%
C Conon Bridge Highland 2,219
12%
D Dennyloanhead Falkirk 1,566
12%
F Fairlie North Ayrshire 1,536
12%
K Kilbarchan Renfrewshire 3,344
12%
K Kilmaurs East Ayrshire 2,705
12%
N North Kessock Highland 1,319
12%
P Patna East Ayrshire 1,962
12%
P Plains North Lanarkshire 3,112
12%
R Rosewell Midlothian 2,277
12%
S Scalloway Shetland Islands 1,175
12%
T Thornliebank East Renfrewshire 4,088
12%
C Chapelhall North Lanarkshire 7,058
11%
E East Wemyss Fife 1,945
11%
H Howwood Renfrewshire 1,636
11%
H Hurlford East Ayrshire 4,361
11%
L Lamlash North Ayrshire 1,100
11%
L Law South Lanarkshire 3,285
11%
M Maryburgh Highland 1,054
11%
O Oakley Fife 2,295
11%
P Plean Stirling 1,939
11%
S Slamannan Falkirk 1,169
11%
S Symington South Ayrshire 1,619
11%
T Thornton Fife 2,081
11%
B Bargeddie North Lanarkshire 3,571
9%
B Bilston Midlothian 1,947
9%
B Blackridge West Lothian 2,089
9%
B Busby East Renfrewshire 3,350
9%
C Carnwath South Lanarkshire 1,406
9%
C Chirnside Scottish Borders 1,584
9%
C Cowie Stirling 2,706
9%
C Crossford Fife 2,241
9%
D Danderhall Midlothian 3,385
9%
D Drumoak Aberdeenshire 1,006
9%
F Forth South Lanarkshire 2,148
9%
M Maddiston Falkirk 3,831
9%
M Morningside North Lanarkshire 1,168
9%
P Polbeth West Lothian 2,599
9%
S Stanley Perth and Kinross 1,497
9%
A Aberchirder Aberdeenshire 1,187
8%
A Ardersier Highland 1,176
8%
B Bonhill West Dunbartonshire 8,619
8%
B Bowling West Dunbartonshire 4,763
8%
D Dreghorn North Ayrshire 3,357
8%
D Drongan East Ayrshire 3,078
8%
E Errol Perth and Kinross 1,500
8%
F Fenwick East Ayrshire 1,107
8%
G Gartcosh North Lanarkshire 3,251
8%
L Locharbriggs Dumfries and Galloway 5,481
8%
M Macmerry East Lothian 1,437
8%
M Methven Perth and Kinross 1,301
8%
M Moodiesburn North Lanarkshire 6,711
8%
N Newmachar Aberdeenshire 2,522
8%
N Newmains North Lanarkshire 5,371
8%
N New Pitsligo Aberdeenshire 1,096
8%
T Torphins Aberdeenshire 1,315
8%
A Ardrishaig Argyll and Bute 1,252
7%
B Bankfoot Perth and Kinross 1,254
7%
C Carron Falkirk 2,249
7%
C Crossgates Fife 2,988
7%
E Evanton Highland 1,322
7%
F Faifley West Dunbartonshire 4,776
7%
F Fallin Stirling 2,776
7%
F Friockheim Angus 1,065
7%
G Greengairs North Lanarkshire 1,028
7%
I Inverallochy and Cairnbulg Aberdeenshire 1,409
7%
K Kennoway Fife 4,663
7%
K Killearn Stirling 1,805
7%
K Kinglassie Fife 1,815
7%
K Kirkconnel Dumfries and Galloway 2,008
7%
L Lhanbryde Moray 1,825
7%
L Limekilns Fife 1,281
7%
L Luncarty Perth and Kinross 1,514
7%
P Pitmedden Aberdeenshire 1,381
7%
R Rothienorman Aberdeenshire 1,087
7%
S Salsburgh North Lanarkshire 1,282
7%
T Tarves Aberdeenshire 1,016
7%
T Twechar East Dunbartonshire 1,323
7%
B Banavie Highland 1,343
6%
B Banknock Falkirk 2,312
6%
C Cairneyhil Fife 2,663
6%
C Caol Highland 3,202
6%
C Carmunnock Lanarkshire 1,236
6%
C Chryston North Lanarkshire 3,261
6%
C Coylton South Ayrshire 2,190
6%
D Duntocher West Dunbartonshire 6,562
6%
I Inchinnan Renfrewshire 1,889
6%
K Kingswells Aberdeenshire 4,781
6%
K Kirkmuirhill South Lanarkshire 4,342
6%
M Monkton South Ayrshire 1,206
6%
M Muirhead North Lanarkshire 1,910
6%
N Netherlee East Renfrewshire 4,500
6%
P Portknockie Moray 1,055
6%
R Redding Falkirk 3,808
6%
R Reddingmuirhead Falkirk 2,153
6%
R Rosehearty Aberdeenshire 1,249
6%
S Sandbank Argyll and Bute 1,036
6%
S Shieldhill Falkirk 2,348
6%
S Smithton Highland 2,896
6%
S Stoneyburn West Lothian 1,866
6%
T Tarbolton South Ayrshire 1,855
6%
W Whitecraig East Lothian 1,253
6%
A Almondbank Perth and Kinross 1,359
5%
A Ashgill South Lanarkshire 1,352
5%
B Balintore Highland 1,007
5%
B Brightons Falkirk 4,042
5%
B Burnfoot Scottish Borders 2,794
5%
C Catrine East Ayrshire 2,117
5%
C Coalburn South Lanarkshire 1,297
5%
C Crosshouse East Ayrshire 2,609
5%
D Dunipace Falkirk 2,568
5%
G Glenmavis North Lanarkshire 2,165
5%
K Kilcreggan Argyll and Bute 1,221
5%
M Mossblown South Ayrshire 2,119
5%
N Newarthill North Lanarkshire 6,952
5%
N Newmarket Na h-Eileanan Siar 1,575
5%
O Overtown North Lanarkshire 1,851
5%
S Strathblane Stirling 1,887
5%
W Westquarter Falkirk 1,078
5%
B Balmullo Fife 1,321
4%
B Bellsbank East Ayrshire 1,295
4%
B Boddam Aberdeenshire 1,326
4%
C Calderbank North Lanarkshire 1,569
4%
E Eastriggs Dumfries and Galloway 1,737
4%
H Hopeman Moray 1,628
4%
L Laurieston Falkirk 2,490
4%
L Letham Angus 1,613
4%
L Longside Aberdeenshire 1,011
4%
R Rosneath Argyll and Bute 1,174
4%
S Seafield West Lothian 1,304
4%
T Torrance East Dunbartonshire 2,325
4%
B Blairhall Fife 1,106
2%
D Dalrymple East Ayrshire 1,600
2%
F Ferryden Angus 1,180
2%
G Glenboig North Lanarkshire 3,033
2%
G Greenhill Falkirk 2,047
2%
I Inchture Perth and Kinross 1,565
2%
I Innellan Argyll and Bute 1,288
2%
L Langlee Scottish Borders 3,532
2%
L Longforgan Perth and Kinross 1,079
2%
S Springside North Ayrshire 1,133
2%
S Stamperland East Renfrewshire 3,484
2%
S St Madoes Perth and Kinross 1,096
2%
W Waterfoot East Renfrewshire 1,319
2%
W Whitehills Aberdeenshire 1,037
2%
A Allanton North Lanarkshire 1,047
1%
B Brookfield Renfrewshire 1,246
1%
C Coalsnaughton Clackmannanshire 1,290
1%
C Countesswells Aberdeenshire 1,419
1%
H Hillside Angus 1,152
1%
L Liff Angus 1,889
1%
M Maidenhill East Renfrewshire 1,080
1%
M Mosstodloch Moray 1,122
1%
No matching quizzes found
Score Distribution
Percent of People with Each Score
Percentile by Number Answered
Your Score History
You have not taken this quiz